Flagi państw z dominującym kolorem niebieskim - Statystyki

Ogólne statystyki
  • Ten quiz został rozwiązany 21 razy
  • Średni wynik to 13 z 16
Statystyki odpowiedzi
Obrazkowy Odpowiedź % Poprawnych
Bośnia i Hercegowina
100%
Kazachstan
100%
Kosowo
100%
Somalia
100%
Szwecja
100%
Australia
94%
Nowa Zelandia
94%
Palau
83%
Botswana
78%
Fidżi
78%
Nauru
72%
Republika Zielonego Przylądka
67%
Wyspy Marshalla
67%
Saint Lucia
61%
Tuvalu
61%
Mikronezja
56%
Nie znaleziono quizów pasujących do podanych kryteriów
Rozkład punktacji
Procent ludzi z każdym wynikiem
Percentyl według liczby udzielonych odpowiedzi
Twoja historia wyników
Nie rozwiązałeś tego quizu